000 00498nam a2200181 i 4500
001 27631
003 ES-MaACL
005 20230906153652.0
007 t|
008 030115s1970 sp ||||1| spa d
100 1 _aArazuri, Miguel.
_922376
245 1 3 _aLa mujer de Roque Bravo
_b: novela /
_cMiguel Arazuri.
250 _a[1ยช ed.].
260 _aBarcelona :
_bJuventud,
_c[1970]
300 _a208 p. ;
_c18 cm.
500 _aFalta de la p. 145 a 160.
852 _aES-MaACL
_jC-40558
_bR.73214
999 _c27631
_d27631